[Event "Roncana op-B 12th"]
[Site "Santa Eulalia de Roncana"]
[Date "2018.11.17"]
[Round "7"]
[White "Farre Muntaner, Jose Ramon"]
[Black "Fernandez Herrera, Aleix"]
[Result "0-1"]
[WhiteElo "1475"]
[BlackElo "1390"]
[PlyCount "54"]
[EventDate "2018.09.29"]
[EventType "swiss"]
[EventRounds "8"]
[EventCountry "ESP"]
[SourceTitle "EXT 2022"]
[Source "ChessBase"]
[SourceDate "2021.10.06"]
[SourceVersion "1"]
[SourceVersionDate "2021.10.06"]
[SourceQuality "1"]

1. e4 e6 2. d4 d5 3. Nd2 Nf6 4. Bd3 c5 5. dxc5 Bxc5 6. Qe2 Nc6 7. e5 Nd7 8. Ngf3 Qc7 9. Nb3 Ncxe5 10. Nxe5 Nxe5 11. Bb5+ Nd7 12. 0-0 Bd6 13. g3 a6 14. Bxd7+ Bxd7 15. c3 Bb5 16. Qg4 Bxf1 17. Qxg7 Be5 18. Qg5 Bd3 19. Be3 Bf5 20. Nd4 Bg6 21. f4 Bg7 22. f5 exf5 23. Nxf5 Be5 24. Bf4 f6 25. Qg4 Bxf4 26. Re1+ Be5 27. Ng7+ Qxg7 0-1

[Event "Roncana op-B 10th"]
[Site "Santa Eulalia de Roncana"]
[Date "2016.10.08"]
[Round "3"]
[White "Lobo Bruguera, Xavier"]
[Black "Farre Muntaner, Jose Ramon"]
[Result "1-0"]
[WhiteElo "1472"]
[BlackElo "1615"]
[PlyCount "57"]
[EventDate "2016.09.24"]
[EventType "swiss"]
[EventRounds "8"]
[EventCountry "ESP"]
[SourceTitle "EXT 2018"]
[Source "ChessBase"]
[SourceDate "2017.10.13"]
[SourceVersion "1"]
[SourceVersionDate "2017.10.13"]
[SourceQuality "1"]

1. d4 d5 2. c4 e5 3. e3 exd4 4. Qxd4 Nf6 5. cxd5 Nxd5 6. e4 Nb6 7. Qxd8+ Kxd8 8. Nc3 Be6 9. Nf3 f6 10. Bf4 c6 11. Rd1+ N8d7 12. Nd4 Bf7 13. a3 g5 14. Bg3 Nc8 15. Nf5 Bg6 16. Bc4 Ke8 17. 0-0 Ne5 18. Ba2 Bxf5 19. exf5 Ne7 20. Bxe5 fxe5 21. f6 Ng6 22. Ne4 h6 23. Nd6+ Bxd6 24. Rxd6 Rd8 25. f7+ Ke7 26. Rxg6 Rdf8 27. Rg8 Rh7 28. Rxf8 Kxf8 29. Re1 1-0

[Event "Roncana op-B 10th"]
[Site "Santa Eulalia de Roncana"]
[Date "2016.09.24"]
[Round "1"]
[White "Alcantara Ruiz, Natalia"]
[Black "Farre Muntaner, Jose Ramon"]
[Result "0-1"]
[WhiteElo "1219"]
[BlackElo "1615"]
[PlyCount "62"]
[EventDate "2016.09.24"]
[EventType "swiss"]
[EventRounds "8"]
[EventCountry "ESP"]
[SourceTitle "EXT 2018"]
[Source "ChessBase"]
[SourceDate "2017.10.13"]
[SourceVersion "1"]
[SourceVersionDate "2017.10.13"]
[SourceQuality "1"]

1. e4 c5 2. Nc3 a6 3. f4 e6 4. Nf3 d5 5. d3 d4 6. Ne2 Nc6 7. g3 Nf6 8. Bg2 Be7 9. 0-0 0-0 10. h3 Bd7 11. c3 Qc8 12. c4 b5 13. b3 Ne8 14. e5 f6 15. g4 Qc7 16. exf6 Nxf6 17. Ng3 Bd6 18. Qd2 e5 19. g5 Ne8 20. fxe5 Nxe5 21. Nxe5 Rxf1+ 22. Nxf1 Rb8 23. Nxd7 Qxd7 24. Qf2 Nc7 25. Qh4 Qf7 26. Be4 g6 27. Ng3 Rf8 28. Kh2 Qf2+ 29. Bg2 Rf3 30. Qg4 Bxg3+ 31. Qxg3 Rxg3 0-1

[Event "Roncana op-B 9th"]
[Site "Santa Eulalia de Roncana"]
[Date "2015.11.14"]
[Round "6"]
[White "Farre Muntaner, Jose Ramon"]
[Black "Ramon Herraez, Alex"]
[Result "0-1"]
[WhiteElo "1765"]
[BlackElo "1816"]
[PlyCount "66"]
[EventDate "2015.10.03"]
[EventType "swiss"]
[EventRounds "8"]
[EventCountry "ESP"]
[SourceTitle "EXT 2017"]
[Source "ChessBase"]
[SourceDate "2016.10.25"]
[SourceVersion "1"]
[SourceVersionDate "2016.10.25"]
[SourceQuality "1"]

1. e4 d5 2. exd5 Nf6 3. Bb5+ Bd7 4. Be2 Nxd5 5. d4 Bf5 6. Nf3 e6 7. a3 Be7 8. c4 Nf6 9. Nc3 c6 10. h3 0-0 11. 0-0 Nbd7 12. Be3 Nb6 13. b4 Ne4 14. Qb3 Nxc3 15. Qxc3 Bf6 16. Rad1 Qe7 17. Rfe1 Rfd8 18. Bf4 Be4 19. Be5 Bxf3 20. Bxf6 Qxf6 21. Bxf3 Rd7 22. Re4 Rad8 23. c5 Nd5 24. Qc4 Qe7 25. Bg4 Nf6 26. Rxe6 fxe6 27. Bxe6+ Kh8 28. Bxd7 Qxd7 29. a4 a6 30. Qd3 Rb8 31. b5 axb5 32. axb5 cxb5 33. Qxb5 Qxb5 0-1

[Event "Alella op 5th"]
[Site "Alella"]
[Date "2008.08.16"]
[Round "1"]
[White "Farre Muntaner, Jose Ramon"]
[Black "Alfara Ayllon, Jose Luis"]
[Result "0-1"]
[WhiteElo "1705"]
[BlackElo "2059"]
[PlyCount "88"]
[EventDate "2008.08.16"]
[EventType "swiss"]
[EventRounds "9"]
[EventCountry "ESP"]
[SourceTitle "EXT 2009"]
[Source "ChessBase"]
[SourceDate "2008.11.26"]
[SourceVersion "1"]
[SourceVersionDate "2008.11.26"]
[SourceQuality "1"]

1. e4 c5 2. Nf3 d6 3. Bb5+ Bd7 4. Bxd7+ Nxd7 5. 0-0 Ngf6 6. Nc3 e5 7. d3 g6 8. Bg5 Bg7 9. Qd2 h6 10. Bxf6 Nxf6 11. Rad1 0-0 12. Rfe1 Re8 13. h3 Rb8 14. a4 a6 15. Ra1 b6 16. Qe2 d5 17. Rad1 d4 18. Nb1 b5 19. axb5 axb5 20. Na3 Nd7 21. b3 Qa5 22. Nb1 Nb6 23. Nbd2 Qc3 24. Rc1 Ra8 25. Nb1 Qb2 26. c4 Qxb3 27. cxb5 Qxb5 28. Red1 Rec8 29. Nbd2 Ra2 30. Rb1 Qa6 31. Qe1 Na4 32. Ra1 Nb2 33. Rxa2 Qxa2 34. Ra1 Qe6 35. Qb1 c4 36. Qxb2 c3 37. Qc2 cxd2 38. Qxd2 Rc3 39. Ne1 Qc6 40. Qb2 h5 41. Qb8+ Kh7 42. Ra8 Rc1 43. h4 Rxe1+ 44. Kh2 Qf6 0-1